Statistics for Pikachu's General Knowledge #1

Click here to take the quiz!

General Stats

  • This quiz has been taken 41 times
  • The average score is 10 of 14

Answer Stats

QuestionAnswer% Correct
How many generations are there?7
94%
When was Pokemon first introduced?1996
85%
How many types are there?18
82%
Pokemon GO was released on the __th anniversary of Pokemon.20
82%
Number of Eeveelutions8
82%
Who's the first Pokemon in the Pokedex?Bulbasaur
82%
Who, in the anime, has a Meowth?Team Rocket
79%
What dog-like Pokemon was supposed to be a legendary?Arcanine
74%
Fly, Surf, and Cut are what?HMs
74%
What is my favorite Pokemon? Hint: Karp!Magikarp :D
74%
How many Pokemon are there?802
59%
What was the first Pokemon designed?Rhyhorn
47%
What Pokemon did you apparently kill in Red and Blue?Raticate
41%
What is the only legendary that can be both male or female?Heatran
29%

Score Distribution

Percentile by Number Answered

Percent of People with Each Score

Your Score History

You have not taken this quiz